000 00351nam a22001337a 4500
005 20250516122629.0
008 250516b |||||||| |||| 00| 0 eng d
050 _aBL8012.O66 1990
100 _aMUGAMBIU J.N.K
245 _aA COMPARATIVE STUDY OF RELIGIONS
260 _aKENYA
_bNAIROBI UNIVERSITY PRESS
_c1993
300 _aX,311
942 _2lcc
_cBK
999 _c215410
_d215410